|
|
|
|
| LEADER |
00000nam0a2200000 4500 |
| 001 |
679850 |
| 005 |
20250523115720.0 |
| 010 |
|
|
|a 978-5-00101-307-5
|
| 010 |
|
|
|a 978-5-00101-308-2
|
| 090 |
|
|
|a 679850
|
| 100 |
|
|
|a 20250423d2025 m||y0rusy50 ca
|
| 101 |
1 |
|
|a rus
|c eng
|
| 102 |
|
|
|a RU
|
| 105 |
|
|
|a a j 001yy
|
| 181 |
|
0 |
|a i
|b e
|
| 182 |
|
0 |
|a n
|
| 183 |
|
0 |
|a nc
|2 RDAcarrier
|
| 200 |
1 |
|
|a Основы биохимии Ленинджера. В 3 т. Т. 1: Основы биохимии. Строение и катализ
|e [учебник]
|f Д. Нельсон, М. Кокс
|g пер. с англ. Т. П. Мосоловой ; под ред. Н. Б. Гусева
|
| 203 |
|
|
|a Текст
|b визуальный
|c непосредственный
|
| 205 |
|
|
|a 5-е изд., перераб. и доп.
|
| 210 |
|
|
|a Москва
|c Лаборатория знаний
|d 2025
|
| 215 |
|
|
|a 703 с.
|c ил.
|
| 225 |
1 |
|
|a Лучший зарубежный учебник
|
| 283 |
|
|
|a volume
|2 RDAcarrier
|
| 320 |
|
|
|a Библиография в конце глав
|
| 330 |
|
|
|a Перевод седьмого оригинального издания всемирно известного учебника, написанного талантливыми американскими учеными-педагогами, который отражает стремительное развитие современной биохимии и включает основные достижения, помогающие осветить важные аспекты этой науки. В томе 1 рассмотрены химические, физические, генетические и эволюционные основы биохимии, строение и функции различных биомолекул и биомембран, современные методы их анализа и новые продукты биотехнологий, полученные на основе закодированной в ДНК информации, системы передачи сигналов и механизмы биосигнализации. В каждой главе есть задания для самопроверки.
|
| 606 |
1 |
|
|a Биохимия
|2 stltpush
|3 (RuTPU)RU\TPU\subj\68098
|9 83635
|
| 610 |
1 |
|
|a биологическая химия
|
| 610 |
1 |
|
|a химические основы
|
| 610 |
1 |
|
|a живые клетки
|
| 610 |
1 |
|
|a физические основы
|
| 610 |
1 |
|
|a генетические основы
|
| 610 |
1 |
|
|a эволюционные основы
|
| 610 |
1 |
|
|a строение
|
| 610 |
1 |
|
|a катализ
|
| 610 |
1 |
|
|a вода
|
| 610 |
1 |
|
|a водные среды
|
| 610 |
1 |
|
|a слабые взаимодействия
|
| 610 |
1 |
|
|a ионизация
|
| 610 |
1 |
|
|a слабые кислоты
|
| 610 |
1 |
|
|a слабые основания
|
| 610 |
1 |
|
|a буферные системы
|
| 610 |
1 |
|
|a живые организмы
|
| 610 |
1 |
|
|a аминокислоты
|
| 610 |
1 |
|
|a пептиды
|
| 610 |
1 |
|
|a белки
|
| 610 |
1 |
|
|a структура
|
| 610 |
1 |
|
|a лиганды
|
| 610 |
1 |
|
|a обратимое связывание
|
| 610 |
1 |
|
|a комлементарное взаимодействие
|
| 610 |
1 |
|
|a энергозависимые взаимодействия
|
| 610 |
1 |
|
|a ферменты
|
| 610 |
1 |
|
|a ферментативная кинетика
|
| 610 |
1 |
|
|a ферментативные реакции
|
| 610 |
1 |
|
|a регуляторные ферменты
|
| 610 |
1 |
|
|a углеводы
|
| 610 |
1 |
|
|a гликобиология
|
| 610 |
1 |
|
|a моносахариды
|
| 610 |
1 |
|
|a дисахариды
|
| 610 |
1 |
|
|a полисахариды
|
| 610 |
1 |
|
|a гликонъюгаты
|
| 610 |
1 |
|
|a нуклеотиды
|
| 610 |
1 |
|
|a нуклеиновые кислоты
|
| 610 |
1 |
|
|a ДНК
|
| 610 |
1 |
|
|a клонирование
|
| 610 |
1 |
|
|a гены
|
| 610 |
1 |
|
|a геномы
|
| 610 |
1 |
|
|a протеомы
|
| 610 |
1 |
|
|a биотехнологии
|
| 610 |
1 |
|
|a липиды
|
| 610 |
1 |
|
|a кофакторы
|
| 610 |
1 |
|
|a пигменты
|
| 610 |
1 |
|
|a биологические мембраны
|
| 610 |
1 |
|
|a транспорт
|
| 610 |
1 |
|
|a биосигнализация
|
| 610 |
1 |
|
|a рецепторы
|
| 610 |
1 |
|
|a рецепторные ферменты
|
| 610 |
1 |
|
|a рецепторные гуанилатциклазы
|
| 610 |
1 |
|
|a мембранные рафты
|
| 610 |
1 |
|
|a ионные каналы
|
| 610 |
1 |
|
|a интегрины
|
| 610 |
1 |
|
|a сигналы
|
| 610 |
1 |
|
|a сенсорная передача
|
| 610 |
1 |
|
|a клеточный цикл
|
| 610 |
1 |
|
|a регуляция
|
| 610 |
1 |
|
|a онкогены
|
| 610 |
1 |
|
|a учебники
|
| 675 |
|
|
|a 577.1(075.8)
|v 3
|
| 700 |
|
1 |
|a Нельсон
|b Д.
|g Дэвид
|
| 701 |
|
1 |
|a Кокс
|b М.
|g Майкл
|
| 702 |
|
1 |
|4 730
|a Мосолова
|b Т. П.
|
| 702 |
|
1 |
|4 340
|a Гусев
|b Н. Б.
|
| 801 |
|
0 |
|a RU
|b 63413507
|c 20250418
|
| 850 |
|
|
|a 63413507
|
| 942 |
|
|
|c BK
|